01337cam a2200349 i 450000100090000000300090000900500170001800800410003502000430007604000390011908200170015824501280017524600370030324600240034026400630036426400100042730000590043733600260049633700280052233800270055050400520057765000260062965000300065565000390068565100100072465300240073465500170075870000410077594200120081699900170082895201420084518572733EG-ScBUE20240930121719.0150413t2015 njua f b f001 0 eng d a9780691150390 (hardcover : alk. paper) aDLCbengerdacDLCdDLCdEG-SScBUE04a510222bPRI04aThe Princeton companion to applied mathematics /ceditor Nicholas J. Higham, The University of Manchester [anf five others]30aCompanion to applied mathematics30aApplied mathematics 1aPrinceton ;aOxford :bPrinceton University Press,c[2015] 4cc2015 axvii, 994 pages :billustrations (some color) ;c27 cm 2rdacontentatextbtxt aunmediated2rdamediabn avolumebnc2rdacarrier aIncludes bibliographical references and index.  7aAlgebra.2BUEsh94334 7aMathematics.2BUEsh92018 7aMathematical models.2BUEsh933855 2BUEsh bENGGENcJanuary2016 vReading book1 aHigham, Nicholas J.,d1961-eeditor. 2ddccBB c21120d21092 00102ddc40708BaccahaMAINbMAINc1STd2016-01-14ePurchasel1m7o510 PRIp000031483r2025-07-15 00:00:00s2016-01-14w2016-01-14yBB